How our laws are made : January 31, 2000 /

Hlavní autor: Johnson, Charles W.
Korporativní autor: Spojené státy americké. Congress. House
Jazyk: Angličtina
Vydáno: Washington : U.S. Government Printing Office, 2000
Vydání: Revised and updated
Edice: Document ; 106-197
Témata:
Fyzický popis: 49 s. ; 23 cm
Knihy
Uloženo v:
LEADER 01358nam a2200349 a 4500
001 000774243
003 CZ BrMZK
005 20051212112342.0
007 ta
008 050512s2000 xxu frf 000 0 eng d
020 |a 0-7567-1122-3  |q (brož.) 
040 |a BOA001  |b cze 
043 |a n-us--- 
072 7 |a 342.53  |x Zákonodárství  |2 Konspekt  |9 16 
080 |a 342.537.3/.5  |2 MRF 
080 |a (73)  |2 MRF 
080 |a (036)  |2 MRF 
100 1 |a Johnson, Charles W.  |7 mzk2005282459  |4 aut 
245 1 0 |a How our laws are made :  |b January 31, 2000 /  |c by Charles W. Johnson ; presented by Mr. Thomas 
250 |a Revised and updated 
260 |a Washington :  |b U.S. Government Printing Office,  |c 2000 
300 |a 49 s. ;  |c 23 cm 
490 1 |a Document ;  |v 106-197 
500 |a Nad názvem: House of Representatives, 106th congress, 2d session, document 106-197 
650 0 7 |a zákonodárství  |7 ph116797  |z Spojené státy americké  |2 czenas 
655 7 |a informační publikace  |7 fd132454  |2 czenas 
710 1 |a Spojené státy americké.  |b Congress.  |b House  |n (106., 2. session :  |d 2000)  |7 mzk2005280299 
810 2 |a Spojené státy americké. Congress  |t House document 
910 |a BOA001  |b 2-1151.876 
990 |a BK 
991 |b 200505  |c NOV 
996 7 |b 2610249575  |c 2-1151.876  |l Americká knihovna/3.patro  |r ZHR  |n 0  |p dar  |h 34(73) JON  |w 000774243  |u 000010  |a 0  |e BOA001  |j MZK50  |s A